Miasta Polski po emotkach - Statystyki

Ogólne statystyki
  • Ten quiz został rozwiązany 23 razy
  • Średni wynik to 8 z 9
Statystyki odpowiedzi
Hint Odpowiedź % Poprawnych
🐲🏰 Kraków
100%
🐐🥐 Poznań
100%
🚇🧜 Warszawa
100%
⛷️🪏 Zakopane
100%
🏗️🐟 Gdańsk
95%
🛶🏙️ Łódź
95%
🐖🌊 Świnoujście
82%
🐂🛸 Katowice
50%
🌎🔔 Toruń
32%
Nie znaleziono quizów pasujących do podanych kryteriów
Rozkład punktacji
Procent ludzi z każdym wynikiem
Percentyl według liczby udzielonych odpowiedzi
Twoja historia wyników
Nie rozwiązałeś tego quizu